ইন দ্য হ্যান্ড অব তালেবান (In the hand of Taliban) / (Record no. 12435)
[ view plain ]
| 000 -LEADER | |
|---|---|
| fixed length control field | 00842nam a2200241 a 4500 |
| 001 - CONTROL NUMBER | |
| JCCL Control Number | 12435 |
| 003 - CONTROL NUMBER IDENTIFIER | |
| JCCL marc code | BD-JhCC |
| 005 - DATE AND TIME OF LATEST TRANSACTION | |
| control field | 20230205134024.0 |
| 008 - FIXED-LENGTH DATA ELEMENTS--GENERAL INFORMATION | |
| fixed length control field | 220216s20172020bg |||| |||| 000 0 ban d |
| 020 ## - INTERNATIONAL STANDARD BOOK NUMBER | |
| International Standard Book Number | 9789849265566 |
| 035 ## - SYSTEM CONTROL NUMBER | |
| system control number | (BD-JhCC)12435 |
| 040 ## - CATALOGING SOURCE | |
| Original cataloging agency | BD-JhCC |
| Modifying agency | BD-JhCC |
| 041 ## - LANGUAGE CODE | |
| Language code of Book | ban |
| 082 ## - DEWEY DECIMAL CLASSIFICATION NUMBER | |
| Classification number | 958.104742 |
| Author mark and Year | RID 2020 |
| 100 ## - MAIN ENTRY--PERSONAL NAME | |
| Personal name | রিডলি, ইভন |
| 245 ## - TITLE STATEMENT | |
| Title | ইন দ্য হ্যান্ড অব তালেবান (In the hand of Taliban) / |
| Statement of responsibility, etc | ইভন রিডলি এবং অনু. আবরার হামীম |
| 260 ## - PUBLICATION, DISTRIBUTION, ETC. (IMPRINT) | |
| Place of publication, distribution, etc | ঢাকা : |
| Name of publisher, distributor, etc | নবপ্রকাশ, |
| Date of publication, distribution, etc | ২০২০। |
| 300 ## - PHYSICAL DESCRIPTION | |
| Pagination | ২৪০ পৃ. : |
| Dimensions | ২২ সেমি. |
| 650 ## - SUBJECT ADDED ENTRY--TOPICAL TERM | |
| Topical term or geographic name as entry element | Taliban |
| Geographic subdivision | Afghanistan |
| 650 ## - SUBJECT ADDED ENTRY--TOPICAL TERM | |
| Topical term or geographic name as entry element | Military campaigns |
| 700 ## - ADDED ENTRY--PERSONAL NAME | |
| Personal name | হামীম, আবরার |
| 942 ## - ADDED ENTRY ELEMENTS (KOHA) | |
| Source of classification or shelving scheme | Dewey Decimal Classification |
| Koha item type | Books |
| Koha issues (borrowed), all copies | 2 |
| Source of classification or shelving scheme | Damaged status | Not for loan | Home library | Current library | Shelving location | Date of accession | Cost, normal purchase price | Total Checkouts | Full call number | Barcode | Date last seen | Date checked out | Copy number | Koha item type |
|---|---|---|---|---|---|---|---|---|---|---|---|---|---|---|
| Dewey Decimal Classification | JCC Rouf Library | JCC Rouf Library | General Stacks | 06/02/2021 | 225.00 | 3 | 958.104742 RID 2020 | 16702 | 03/16/2023 | 02/05/2023 | C-1 | Books |